| 000 | 00503 a2200157 4500 | ||
|---|---|---|---|
| 005 | 20250519145407.0 | ||
| 020 | _a0-07-243288-8 | ||
| 082 | _a658. 5 SHU | ||
| 245 | _aProduction and Operations Management | ||
| 250 | _a2nd Ed. | ||
| 260 |
_aOld Whitfield, _bMcGraw-Hill, _c2001. |
||
| 300 |
_ax, 213p.: ill.; figure, picture, table. _bIndex, references. _c28cm. |
||
| 700 | _aSHUKLA, P. K. | ||
| 856 |
_yAccess Online book _fProduction and Operations Management _dhttp://www.dushkin.com |
||
| 942 |
_2ddc _cBKS |
||
| 999 |
_c2457 _d2457 |
||